| Поле | Инд. | ПП | Название | Значение |
|---|---|---|---|---|
| Тип записи | a | |||
| Библиографический уровень | b | |||
| 001 | Контрольный номер | RU/IS/BASE/126623844 | ||
| 005 | Дата корректировки | 20200522190817.6 | ||
| 084 | a | Индекс другой классификации/Индекс ББК | 60.561.2 | |
| a | Индекс другой классификации/Индекс ББК | 65.9(2Рос)-04 | ||
| a | Индекс другой классификации/Индекс ББК | 65.9(5Кит)-04 | ||
| a | Индекс другой классификации/Индекс ББК | 66.1(2),61 | ||
| 100 | 1_ | a | Автор | У Юй Син |
| 245 | a | Заглавие | Китай и Россия в условиях глобализации | |
| 500 | a | Примечание | Стат. дан. в тексте | |
| 504 | a | Библиография | Библиогр. ссылки | |
| 520 | a | Аннотация | В данной статье проводится предварительный анализ итогов результатов глобализации в КНР и Российской Федерации | |
| 650 | a | Основная рубрика | история политических учений | |
| a | Основная рубрика | политика | ||
| a | Основная рубрика | социология | ||
| a | Основная рубрика | экономика | ||
| a | Основная рубрика | экономическая социология | ||
| 653 | a | Ключевые слова | XX век | |
| a | Ключевые слова | антиглобализм | ||
| a | Ключевые слова | валовой внутренний продукт (ВВП) | ||
| a | Ключевые слова | глобализация экономики | ||
| a | Ключевые слова | доходы населения | ||
| a | Ключевые слова | евразийская идея | ||
| a | Ключевые слова | евразийство | ||
| a | Ключевые слова | европеизация | ||
| a | Ключевые слова | Китай | ||
| a | Ключевые слова | Россия | ||
| a | Ключевые слова | социально-экономическое развитие | ||
| a | Ключевые слова | уровень жизни | ||
| a | Ключевые слова | экономическая политика | ||
| a | Ключевые слова | экономические реформы | ||
| a | Ключевые слова | экономическое развитие | ||
| 773 | t | Заглавие источника | Вестник Московского университета. Серия 18, Социология и политология | |
| d | Дата издания источника | 2003 | ||
| g | Прочая информация | № 3. - С. 20 - 32 | ||
| w | Контрольный № источника | RU/IS/BASE/121270811 | ||
| 901 | t | Тип документа | b |